LEADER 01141cam0 2200301 450 001 E600200045856 005 20211213122159.0 100 $a20090225d1960 |||||ita|0103 ba 101 $aeng 102 $aGB 200 1 $a<>treatise of human nature$fDavid Hume$gintr. A. D. Lindsay 210 $aLondon$cDent$aNew York$cDutton, 1959$d1960 215 $a2 v.$d18 cm 225 2 $aEveryman's library$hPhilosophy & Theology$v548-549 410 1$1001LAEC00026322$12001 $a*Everyman's library. Philosophy & Theology$v548-549 700 1$aHume$b, David$3AF00020102$4070$0329443 702 1$aLindsay, A. D.$3A600200053028$4070 801 0$aIT$bUNISOB$c20211213$gRICA 850 $aUNISOB 852 $aUNISOB$j100$m9077 852 $aUNISOB$j100$m9078 912 $aE600200045856 940 $aM 102 Monografia moderna SBN 941 $aM 957 $a100$b001078$i-1$gSi$d9077$racquisto$1pregresso3$2UNISOB$3UNISOB$420090225120920.0$520211213122137.0$6bethb 957 $a100$b001078$gSI$d9078$racquisto$1bethb$2UNISOB$3UNISOB$420211213122139.0$520211213122159.0$6bethb 996 $aTreatise of human nature$9145894 997 $aUNISOB